| 000 | 00000nam##2200000za#4500 |
| 001 | 9.530366 |
| 003 | CaOODSP |
| 005 | 20200327071424 |
| 007 | ta |
| 008 | 150406|1998||||xxc||||| f|0| 0 eng|d |
| 020 | |a0-660-60490-6 |
| 040 | |aCaOODSP|beng |
| 041 | |aeng |
| 041 | |afre |
| 043 | |an-cn--- |
| 086 | 1 |aBT31-2/1999-III-67 |
| 110 | 1 |aCanada. |bTreasury Board. |
| 245 | 10|aRoyal Canadian Mounted Police |
| 260 | |aOttawa - Ontario : |bTreasury Board of Canada Secretariat |c1998. |
| 300 | |aEnglish text, 41p. : |borganization charts, tables ; |c28 cm. |
| 490 | 1 |a1998-99 estimates, part III: Report on plans and priorities |
| 500 | |aN.B.: A report on plans and priorities pilot document. |
| 546 | |aBilingual |
| 563 | |aSoftcover |
| 590 | |a98-14|b1998-04-03 |
| 776 | 0#|tA report on plans and priorities for 1998/1999 - 2000/2001, Royal Canadian Mounted Police |w(CaOODSP)9.567662 |
| 776 | 0#|tRapport sur les plans et priorités pour les exercices 1998-1999 à 2000-2001, Gendarmerie royale du Canada |w(CaOODSP)9.598992 |
| 792 | |tGendarmerie royale du Canada |efre|w(CaOODSP)9.530367 |
| 830 | #0|a1998-99 estimates, part III: Report on plans and priorities.|w(CaOODSP)9.508960 |